000 01307nam a2200301 a 4500
001 BRCA_8478
005 20190320210312.0
008 180216s2014----mx-a######---#000-0#spa-#
020 _a9786079613112
041 _aspa
044 _amx
050 4 _aB765.H73
_b.D53 2014
100 1 _aHugo, de San Víctor
_d1096?-1141
_921247
245 1 0 _aDel arte de leer
_bDidascalicon de studio legendi, el tratado
_cHugo de San Víctor ; traducción del latín y notas José Manuel Villalaz ; revisión técnica Joel Molina Ayala. Lecturas en acto / [Magali Lara Ayala, Etelvina Bernal, Andrés López Fernández, Eligio Calderón].
260 _aMéxico
_bEditorial 17 : Consultoría
_c2014
300 _a1 v. (en varias paginaciones)
_bil. (algunas a color)
_c23 cm.
440 0 _aColección diecisiete, teoría crítica, psicoanálisis, acontecimiento
_v3
_921248
500 _aTexto contrapuesto invertido, con numeración duplicada
500 _aSe encuentra en el Área de Investigación
650 1 4 _aLectura
_921249
650 1 4 _aTeoría del conocimiento
_921250
650 1 4 _aTeología
_yEdad Media, 600-1500
_921251
650 1 4 _aFilosofía
_yEdad Media
_921252
700 1 _aVillalaz, José Manuel
_etr.
_921253
700 1 _aMolina Ayala, Joel
_921254
740 0 _aLecturas en acto
942 _2lcc
_cB
999 _c8145
_d8145